10 Shortest NBA Players to Dunk in Game - Statistics

General Stats
  • This quiz has been taken 47 times
  • The average score is 4 of 10
Answer Stats
Height Player % Correct
5 ft 7 in Spud Webb
89%
6 ft 0 in Chris Paul
69%
5 ft 9 in Nate Robinson
60%
5 ft 9 in Isaiah Thomas
57%
6 ft 0 in Allen Iverson
54%
5 ft 10 in Damon Stoudamire
23%
5 ft 11 in Ty Lawson
20%
6 ft 0 in Kyle Lowry
17%
6 ft 0 in Kemba Walker
11%
5 ft 11 in Will Bynum
0%
No matching quizzes found
Score Distribution
Percent of People with Each Score
Percentile by Number Answered
Your Score History
You have not taken this quiz